000 01046nam a22003257a 4500
001 BR9210982
003 BR-BrBNA
005 20230928093738.0
007 ta
008 230509b bl.||||| |||| 00| 0 por d
040 _aBR-BrBNA
_bpor
_cBiblioteca Nacional de Agricultura
041 _a(Por)
072 _aF01
_b0150
_b/G514
090 _ 0150 BR9210982
110 1 _aMinisterio da Agricultura e Reforma Agraria, Brasilia, DF (Brasil)
110 1 _aCentro Nacional de Pesquisa em Arroz e Feijao, Goiania, Go (Brasil)
245 1 _aRecomendacoes tecnicas para o cultivo do arroz irrigado. Areas do centro-oeste, nordeste e norte do Brasil; zonas 1, 15, 17, 40, 43, 58, 59, 61 e 78
260 3 _aBrasilia, DF (Brasil):
_c1992.
300 _a16 p.
500 _a18 illus.
650 _aArroz Irrigado
650 _aPratica Cultural
650 _aHerbicida
650 _aRegiao Centro-Oeste
650 _aRegiao Nordeste
650 _aRegiao Norte
650 _aPratico
909 _a202309
_bLucia
_c55
_dLucia Elande
942 _cBK
999 _c46849
_d46849